Norma Chilena NCh 2681:2011. Sistemas de análisis de peligros y de puntos críticos de control (HACCP) - directrices para su aplicación
I tiakina i:
| Kaituhi rangatōpū: | |
|---|---|
| Hōputu: | Tē mōhiotia |
| Reo: | Ingarihi |
| I whakaputaina: |
Santiago, Chile
Instituto Nacional de Normalización
2011
|
| Putanga: | Segunda edición |
| Ngā marau: | |
| Ngā Tūtohu: |
Tāpirihia he Tūtohu
Kāore He Tūtohu, Me noho koe te mea tuatahi ki te tūtohu i tēnei pūkete!
|
MARC
| LEADER | 00000 a2200000 4500 | ||
|---|---|---|---|
| 003 | CL-VaPUC | ||
| 005 | 20240830115117.0 | ||
| 008 | 200303b ||||| |||| 00| 0 eng d | ||
| 999 | |c 376006 |d 376004 | ||
| 040 | |c Pontificia Universidad Católica de Valparaíso | ||
| 082 | |a 658.38 INS 2011 | ||
| 100 | |a |9 604939 | ||
| 110 | |a Instituto Nacional de Normalización |e autor |9 719886 | ||
| 245 | 1 | 0 | |a Norma Chilena NCh 2681:2011. |b Sistemas de análisis de peligros y de puntos críticos de control (HACCP) - directrices para su aplicación |
| 250 | |a Segunda edición | ||
| 260 | 3 | |b Instituto Nacional de Normalización |c 2011 |a Santiago, Chile | |
| 300 | |a 23 p | ||
| 583 | |k Cristina Rojas |c 20200303 | ||
| 650 | 0 | 0 | |a CONTROL DE RIESGOS |9 719890 |
| 650 | 0 | 0 | |a Prevención de riesgos |9 387495 |
| 650 | 0 | 0 | |a Seguridad laboral |9 462968 |
| 942 | |2 ddc |c BK | ||
| 952 | |0 0 |1 0 |2 ddc |4 0 |6 658_380000000000000_INS_2011 |7 0 |8 A |9 496031 |a BIBALI |b BIBALI |c REF |d 2020-01-15 |e 9 |g 38400.00 |i 5572827 |o 658.38 INS 2011 |p 5572827 |r 2025-01-20 |t 1 |v 38400.00 |w 2020-01-15 |y BK_F |k ALI | ||